| 000 | 01007nam a2200277 c 4500 | ||
|---|---|---|---|
| 003 | BLK | ||
| 005 | 20180421000330.0 | ||
| 008 | 180411b bul|||||r ||||||| ||bul|| | ||
| 010 | _aKNG00194404000 | ||
| 040 | _aBLK | ||
| 041 |
_aBUL _cBUL |
||
| 080 |
_aБългарска литература _b821.163.2 _x-31 _z821.163.2-31 |
||
| 100 | 1 |
_aКалъчев, Емил Христов _eпърви автор _9264674 |
|
| 139 |
_aКалъчев, Емил Христов _bК 20 |
||
| 245 | 1 | 0 |
_aДочакай деня ; Носач на взрив ; Прощално за времето на самотата _bРомани _cЕмил Христов Калъчев. |
| 257 | _aBGR | ||
| 260 |
_аПловдив _bХристо Г. Данов _c1989 |
||
| 300 |
_a319 с. _c21 см |
||
| 380 | _aX | ||
| 500 | _a20 137 тир. | ||
| 852 | _aЦб 160640 | ||
| 856 | 4 |
_qpdf _u |
|
| 856 | 4 |
_qpdf _u |
|
| 942 |
_cKNG _n0 |
||
| 944 |
_aCR _c25.10.2016 _kНора_Радева |
||
| 944 |
_aED _c13.02.2018 _kВалентина_Караджова |
||
| 999 |
_c185411 _d185411 |
||